What's It Stand For? (Harry Potter Edition) Quiz Stats

 Plays Quiz Updated Nov 14, 2018

Challenge
Share
Tweet
Embed
Score 0/20 Timer 03:00
4 Plays Today
% Correct
Wizarding
90.9%
Wizarding
90.9%
Army
88.8%
Dumbledore's
88%
(the) Dark
87.5%
Arts
87.4%
Defense
87.3%
Against
87.1%
Level
86.9%
Black
84.1%
% Correct
Ordinary
82.4%
Test
80%
Regulus
74.2%
Society
62.5%
Welfare
61.4%
(of) Elfish
60.6%
Exhausting
48.9%
Nastily
48.8%
(for the) Promotion
45%
Arcturus
40.5%

You're not logged in!

Compare scores with friends on all Sporcle quizzes.
OR
Log In

You Might Also Like...

Show Comments

Extras

Top Quizzes Today


Score Distribution

Your Account Isn't Verified!

In order to create a playlist on Sporcle, you need to verify the email address you used during registration. Go to your Sporcle Settings to finish the process.

Report this User

Report this user for behavior that violates our Community Guidelines.

Details: